Professional iphone programming with momotouch and .net c#. (Record no. 194549)
[ view plain ]
| 000 -LEADER | |
|---|---|
| fixed length control field | 00427nam a2200145Ia 4500 |
| 008 - FIXED-LENGTH DATA ELEMENTS--GENERAL INFORMATION | |
| fixed length control field | 210716s2010 xx 000 0 und d |
| 020 ## - INTERNATIONAL STANDARD BOOK NUMBER | |
| International Standard Book Number | 9788126527816 |
| 041 ## - LANGUAGE CODE | |
| Language code of text/sound track or separate title | eng |
| 082 ## - DEWEY DECIMAL CLASSIFICATION NUMBER | |
| Classification number | 621.3821 MCCW |
| 100 ## - MAIN ENTRY--PERSONAL NAME | |
| Personal name | McClure, Wallace; Bowling, Martin; dunn, Craig. |
| 245 ## - TITLE STATEMENT | |
| Title | Professional iphone programming with momotouch and .net c#. |
| 250 ## - EDITION STATEMENT | |
| Edition statement | 1 |
| 260 ## - PUBLICATION, DISTRIBUTION, ETC. | |
| Place of publication, distribution, etc. | New Delhi |
| Name of publisher, distributor, etc. | Wiley India Pvt Ltd |
| Date of publication, distribution, etc. | 2010 |
| 300 ## - PHYSICAL DESCRIPTION | |
| Extent | xxvii,354 |
| Withdrawn status | Lost status | Damaged status | Not for loan | Collection code | Home library | Current library | Source of acquisition | Cost, normal purchase price | Total Checkouts | Full call number | Barcode | Date last seen | Cost, replacement price | Price effective from | Koha item type |
|---|---|---|---|---|---|---|---|---|---|---|---|---|---|---|---|
| MCA | St Aloysius Institute of Management & Information Technology | St Aloysius Institute of Management & Information Technology | Knowledge World | 549.00 | 621.3821 MCCW | MCA14057 | 07/21/2025 | 411.75 | 07/16/2021 | Book |